Name the team that drafted these NFL MVPS - Statistics

General Stats
  • This quiz has been taken 3,450 times
  • The average score is 5 of 8
Answer Stats
Hint Answer % Correct
Brett Favre Atlanta Falcons
81%
Norm Van Brocklin Los Angeles Rams
71%
Marshall Faulk Indianapolis Colts
69%
Y.A. Tittle Baltimore Colts
68%
Earl Morrall San Francisco 49ers
67%
Rich Gannon Minnesota Vikings
59%
Steve Young Tampa Bay Buccaneers
50%
Mark Moseley Philadelphia Eagles
45%
No matching quizzes found
Score Distribution
Percent of People with Each Score
Percentile by Number Answered
Your Score History
You have not taken this quiz